| 000 | 00507nam a22001577a 4500 | ||
|---|---|---|---|
| 999 |
_c60748 _d60748 |
||
| 005 | 20231019110647.0 | ||
| 008 | 231018s1967 ru ||||| |||| 00| 0 rus d | ||
| 080 | _a069 K-19 | ||
| 100 |
_aКанараке, В. _920113 |
||
| 245 |
_aАрхеологический музей в Констанце / _cВ. Канараке. |
||
| 264 |
_aДобруджи, _c1967. |
||
| 300 |
_a107 стр.; _b23 см. |
||
| 653 | _aარქეოლოგია | ||
| 653 | _aმუზეუმები | ||
| 942 |
_2udc _cBK |
||